000
nam a22 7a 4500
999
_c
233561
_d
233561
005
20170308172701.0
008
170308b xxu||||| |||| 00| 0 eng d
040
_c
.
245
_a
Ansys, inc Installation Guide For Window
_c
Canonsburg
300
_a
96 p. ;
_c
24 cm.
942
_2
ddc
_c
BK